00523nam a22001697a 4500008004100000020001800041040005500059080001400114100002200128245007800150260004700228300001600275490002200291650001300313653001200326700001500338230531b |||||||| |||| 00| 0 eng d a9788122402100 aNational Science LibrarycNational Science Library a620.9bN0 aLapillonne, Bruno aEnergy planning: bModels, information systems, research, and development aNew Delhi: bWiley Eastern Limited, c1990 a vi, 102p.  aERG review series aScience  aEnergy  aCriqui, P